| 000 | 00962nam0a22002291i 4500 | ||
|---|---|---|---|
| 001 | rc\3492455 | ||
| 005 | 20240726085723.0 | ||
| 021 |
_aRU _b[69-66224] |
||
| 035 | _a(NLR Aleph) 007608072 | ||
| 090 |
_a5787004 _c5787004 |
||
| 100 | _a20130115d1969 |||y0rusy50 ca | ||
| 101 | 0 | _arus | |
| 102 | _aRU | ||
| 105 | _ay d ||||| | ||
| 200 | 1 |
_aСовершенствование системы оплаты по труду и материального стимулирования в хлопководческих совхозах _e(По материалам совхозов юго-зап. зоны УзССР) _eАвтореф. дис. на соискание учен. степени канд. экон. наук _e(590) _fАН УзССР. Ин-т экономики |
|
| 210 |
_aТашкент _d1969 |
||
| 215 | _a23 с. | ||
| 700 | 1 |
_aБазаров _bС.С. |
|
| 801 | 0 |
_aRU _bNLR _gpsbo |
|
| 801 | 1 |
_aRU _bELAR _2rusmarc |
|
| 852 |
_aNLR _j69-4/30493 |
||
| 942 | _cBOOK | ||